000 00456nam a2200145Ia 4500
008 100204s9999 xx 000 0 und d
082 _b10812
100 _aरावजी आशू / कानडे दिनू
245 _aकालिंदी
260 _b"डॉल्फिन लायब्ररी, गोवा"
_c1988
300 _a189
630 _aकालिंदी
730 _aकालिंदी
942 _cBOOK
999 _c455248
_d455245